00283nam a2200097Ia 4500008004000000082001500040100002300055245004500078260005400123300000800177210210b1990 xxu||||| |||| 00| 0 eng d a225.7 BARD aBARCLAY (William). aDaily study bible: Letter to the romans. aBangalorebTheological Publication in Indiac1990 a222